000 00451nam a2200181Ia 4500
008 240925s9999 xx 000 0 und d
020 _a8121926114
082 _a621.3692 SUB
100 _aSubrahmanyam, N
245 2 _aA Text Book of Optics
250 _aNA
260 _aIndia:
_bS.Chand Co
_c,2008.
300 _axii,356p.
_b0
_fOriginal
500 _aIncludes Index
600 _aElectrical Engineering
650 _aTechnology
942 _cBK
999 _c10180
_d10180